Basics interior architecture 05 : (Record no. 353589)
[ view plain ]
| 000 -LEADER | |
|---|---|
| fixed length control field | 01497nam a22002657a 4500 |
| 003 - CONTROL NUMBER IDENTIFIER | |
| control field | OSt |
| 005 - DATE AND TIME OF LATEST TRANSACTION | |
| control field | 20180116192412.0 |
| 008 - FIXED-LENGTH DATA ELEMENTS--GENERAL INFORMATION | |
| fixed length control field | 121212t2012 xxu||||| |||| 00| 0 eng d |
| 020 ## - INTERNATIONAL STANDARD BOOK NUMBER | |
| International Standard Book Number | 9782940411535 |
| 020 ## - INTERNATIONAL STANDARD BOOK NUMBER | |
| International Standard Book Number | 2940411530 |
| 040 ## - CATALOGING SOURCE | |
| Transcribing agency | 0 |
| 082 ## - DEWEY DECIMAL CLASSIFICATION NUMBER | |
| Classification number | 729 |
| 100 1# - MAIN ENTRY--PERSONAL NAME | |
| Personal name | Gagg, Russell. |
| 9 (RLIN) | 6101 |
| 245 10 - TITLE STATEMENT | |
| Title | Basics interior architecture 05 : |
| Remainder of title | texture + materials / |
| Statement of responsibility, etc. | Russell Gagg. |
| 260 ## - PUBLICATION, DISTRIBUTION, ETC. | |
| Place of publication, distribution, etc. | London : |
| Name of publisher, distributor, etc. | AVA Publishing, |
| Date of publication, distribution, etc. | 2012. |
| 300 ## - PHYSICAL DESCRIPTION | |
| Extent | 175 p. : |
| Other physical details | ill; |
| Dimensions | 23 cm. |
| 490 1# - SERIES STATEMENT | |
| Series statement | Basics the ava series. |
| 520 ## - SUMMARY, ETC. | |
| Summary, etc. | Basics Interior Architecture 05: Texture + Materials forms an inspiring introduction to many of the materials currently used in the design of interior spaces. The book explores the choice and use of materials and evaluates the effects of these choices on a space, discussing topics such as light, termperature, acoustics and general atmosphere. Each chapter assesses a single material, with its inherent flaws and individual qualities, and places it in its historical, geographical and cultural context. Readers are encouraged to consider the sustainability of each material and its future use, and text is accompanied by both historical and contemporary case studies. 830 0 Basics the ava series. |
| 650 ## - SUBJECT ADDED ENTRY--TOPICAL TERM | |
| Topical term or geographic name entry element | Building materials |
| 9 (RLIN) | 6102 |
| 650 ## - SUBJECT ADDED ENTRY--TOPICAL TERM | |
| Topical term or geographic name entry element | Interior architecture |
| 9 (RLIN) | 6103 |
| 650 ## - SUBJECT ADDED ENTRY--TOPICAL TERM | |
| Topical term or geographic name entry element | Texture in architecture |
| 9 (RLIN) | 6104 |
| 650 ## - SUBJECT ADDED ENTRY--TOPICAL TERM | |
| Topical term or geographic name entry element | Texture in interior decoration |
| 9 (RLIN) | 6105 |
| 942 ## - ADDED ENTRY ELEMENTS (KOHA) | |
| Source of classification or shelving scheme | |
| Koha item type | Book |
| Withdrawn status | Lost status | Source of classification or shelving scheme | Damaged status | Not for loan | Permanent Location | Current Location | Date acquired | Total Checkouts | Total Renewals | Full call number | Barcode | Date last seen | Date last checked out | Cost, replacement price | Price effective from | Koha item type |
|---|---|---|---|---|---|---|---|---|---|---|---|---|---|---|---|---|
| School of Art Design and Architecture (SADA) | School of Art Design and Architecture (SADA) | 11/28/2012 | 2 | 3 | 729 GAG 2012 | SADA0001914 | 06/01/2015 | 04/15/2015 | 3040.00 | 12/12/2012 | Book |
